000 00398nam a2200169Ia 4500
003 OSt
005 20240304102905.0
008 170619s9999 xx 000 0 und d
020 _a9780070447431
040 _cIIMT ENGINEERING COLLEG
100 _aNorton`s Peter
245 0 _aIntroduction to computers
260 _bNew delhi; T M H
260 _c2003
546 _aENGLISH
942 _2ddc
_c01
999 _c17496
_d17496